| 000 | 01718nam a22003734a 4500 | ||
|---|---|---|---|
| 001 | ebr10297945 | ||
| 003 | CaPaEBR | ||
| 006 | m u | ||
| 007 | cr cn||||||||| | ||
| 008 | 070416s2007 enka sbf 001 0 eng | ||
| 010 | _z 2007015900 | ||
| 015 |
_aGBA753436 _2bnb |
||
| 016 | 7 |
_z101304741 _2DNLM |
|
| 016 | 7 |
_z013789341 _2Uk |
|
| 020 | _z9780470057605 (pbk. : alk. paper) | ||
| 020 | _z0470057602 (pbk. : alk. paper) | ||
| 040 |
_aCaPaEBR _cCaPaEBR |
||
| 035 | _a(OCoLC)608624224 | ||
| 050 | 1 | 4 |
_aRC685.C53 _bN53 2007eb |
| 082 | 0 | 4 |
_a616.1/290231 _222 |
| 100 | 1 |
_aNicholson, Christopher, _cRGN. |
|
| 245 | 1 | 0 |
_aHeart failure _h[electronic resource] : _ba clinical nursing handbook / _cChristopher Nicholson. |
| 260 |
_aChichester, West Sussex ; _aHoboken, NJ : _bJohn Wiley & Sons, _cc2007. |
||
| 300 |
_axii, 258 p. : _bill. |
||
| 490 | 1 | _aWiley series in nursing | |
| 504 | _aIncludes bibliographical references (p. [233]-253) and index. | ||
| 505 | 0 | _aDefinitions -- Epidemiology -- Causes -- Outcomes -- Physiology -- Clinical assessment -- Investigations -- Treatment exxentials -- Exercise training -- Medicines -- Invasive treatments -- End-stage heart failure -- Policy framework -- Service issues. | |
| 533 |
_aElectronic reproduction. _bPalo Alto, Calif. : _cebrary, _d2013. _nAvailable via World Wide Web. _nAccess may be limited to ebrary affiliated libraries. |
||
| 650 | 0 |
_aCongestive heart failure _xNursing _vHandbooks, manuals, etc. |
|
| 655 | 7 |
_aElectronic books. _2local |
|
| 710 | 2 | _aebrary, Inc. | |
| 830 | 0 | _aWiley series in nursing. | |
| 856 | 4 | 0 |
_uhttp://site.ebrary.com/lib/rucke/Doc?id=10297945 _zAn electronic book accessible through the World Wide Web; click to view |
| 999 |
_c64344 _d64344 |
||